Wszyscy strzelcy z meczu LIV 9:0 BOU - Statystyki

Ogólne statystyki
  • Ten quiz został rozwiązany 24 razy
  • Średni wynik to 3 z 7
Statystyki odpowiedzi
Drużyna Typ gola L. Goli Gracz % Poprawnych
Liverpool Zwykły 1 Van Dijk
68%
Liverpool Zwykły 2 Firmino
64%
Liverpool Zwykły 2 Diaz
50%
Liverpool Zwykły 1 Alexander-Arnold
45%
Liverpool Zwykły 1 Elliott
18%
Liverpool Zwykły 1 Carvalho
14%
Liverpool(Bournemouth) Samobój 1 Mepham
9%
Nie znaleziono quizów pasujących do podanych kryteriów
Rozkład punktacji
Procent ludzi z każdym wynikiem
Percentyl według liczby udzielonych odpowiedzi
Twoja historia wyników
Nie rozwiązałeś tego quizu